000 00331nam a2200145Ia 4500
100 _aAltman/ R.B./ Altman/ R.
942 _cBK
654 _aComputer
245 _aMastering Pagemaker 5.0 for Windows
260 _bBPB Publication
_aNew Delhi
_c1994
082 _a005.1 'W'
300 _a760
546 _aENGLISH
999 _c18117
_d18117